| 000 | nam a22 a 4500 | ||
|---|---|---|---|
| 999 |
_c168351 _d168351 |
||
| 003 | BLK | ||
| 005 | 20230419112637.0 | ||
| 008 | 180411b bul|||||r ||||||| ||bul|| | ||
| 010 | _aKNG00176235000 | ||
| 020 | _a954-561-002-6 | ||
| 040 | _aBLK | ||
| 041 |
_aBUL _cBUL |
||
| 080 |
_aБиология в основното училище _b372.857 _x(079)(075.2) _z372.857(079)(075.2) |
||
| 100 | 1 |
_aКабасанова, Мария Сивкова _eпърви автор _9363497 |
|
| 139 |
_aКабасанова, Мария Сивкова и др. _bK 12 |
||
| 245 | 1 | 0 |
_aТестове по природознание и биология _bЗа ІV, V и VI кл. _cМария Сивкова Кабасанова; съавт. Величка Атанасова Димитрова; съавт. Галя Цветанова Ставрева. |
| 257 | _aBGR | ||
| 260 |
_aПловдив _bМакрос 2000 _c1992 |
||
| 300 |
_a142 с. _bс ил., табл. _c24 см |
||
| 380 | _a3 | ||
| 500 | _a3 000 тир. | ||
| 650 | 4 |
_aПриродознание - тестове - учебници за основни училища _9242378 |
|
| 650 | 4 |
_aБиология - тестове - учебни помагала _9241798 |
|
| 700 | 1 |
_aДимитрова, Величка Атанасова _eсъавт. _9372252 |
|
| 700 | 1 |
_aСтаврева, Галя Цветанова _eсъавт. _9382480 |
|
| 852 |
_aЦб 173188 _bЦб |
||
| 856 | 4 |
_qpdf _i0.00 _ldisable |
|
| 856 | 4 |
_qpdf _i0.00 _ldisable |
|
| 942 |
_cKNG _n0 _s1 |
||
| 944 |
_aCR _c02.06.2015 _kНора_Радева |
||
| 944 |
_aED _c18.02.2016 _kКети_Илиева |
||
| 999 | _d168351 | ||